Normal view
MARC view
- Supervisor: Dr. Saman Attiq
Entry Personal Name
001 - CONTROL NUMBER
- control field: 130981
003 - CONTROL NUMBER IDENTIFIER
- control field: NUST
005 - DATE AND TIME OF LATEST TRANSACTION
- control field: 20251008104117.0
008 - FIXED-LENGTH DATA ELEMENTS
- fixed length control field: 251008|| aca||aabn | a|a d
040 ## - CATALOGING SOURCE
- Original cataloging agency: NUST
- Transcribing agency: NUST
100 ## - HEADING--PERSONAL NAME
- Personal name: Supervisor: Dr. Saman Attiq
670 ## - SOURCE DATA FOUND
- Source citation: Work cat.: (NUST): Hussain, Abid 19282, FOMO through the Lens of Theory Interpersonal Behavior: A Study on Food Sector of Pakistan/
